000
00240nam a2200097Ia 4500
001
929307
005
20250826191652.0
008
250824s9999 xx 000 0 und d
245
0
_a
BAMBAŞKA/B4
_c
KAHRAMAN TAZEOĞLU
260
_b
DESTEK YAYINLARI
999
_c
929307
_d
929307